[Event "Titled Tue 24th Jun Late"]
[Site "chess.com INT"]
[Date "2025.06.24"]
[Round "6"]
[White "Atanasov, Anthony"]
[Black "Xiong, Jeffery"]
[Result "1/2-1/2"]
[WhiteTitle "IM"]
[BlackTitle "GM"]
[WhiteElo "2417"]
[BlackElo "2639"]
[WhiteFideId "2623897"]
[BlackFideId "2047640"]
[EventDate "2025.06.24"]

1. d4 d5 2. Bf4 c5 3. dxc5 Nc6 4. e4 e5 5. exd5 exf4 6. dxc6 Qxd1+ 7. Kxd1 Bxc5
8. Bb5 Bg4+ 9. Nf3 O-O-O+ 10. Nd2 Bxf2 11. cxb7+ Kxb7 12. a4 Nf6 13. Ra3 Ne4 14.
Bd3 Nc5 15. Kc1 Be3 16. Kb1 Nxd3 17. cxd3 Bf5 18. Ne4 Rxd3 19. Rxd3 Bxe4 20. Rd1
Rd8 21. Kc2 Kb6 22. b4 a5 23. bxa5+ Kxa5 24. Ng5 Bg6 25. Kc3 Rc8+ 26. Kb3 Rb8+
27. Kc4 Rb4+ 28. Kd5 h6 29. Nf3 Bxd3 30. Rxd3 Kxa4 31. Ne5 Rb5+ 32. Ke4 f6 33.
Nc4 Bc1 34. Rc3 f5+ 35. Kd4 Bb2 36. Nxb2+ Rxb2 37. g3 Rxh2 38. gxf4 Re2 39. Rg3
Re7 40. Kd5 Kb4 41. Kd6 Rf7 42. Ke6 Rf6+ 43. Ke5 Rf7 44. Ke6 Ra7 45. Kxf5 Kc5
46. Rd3 Rf7+ 47. Kg6 Rxf4 48. Rd7 Rg4+ 49. Kf5 Rg5+ 50. Kf4 Kc6 51. Rd8 Rd5 52.
Rg8 Rd7 53. Ke5 Re7+ 54. Kf5 Kd6 55. Rd8+ Rd7 56. Re8 Rf7+ 57. Kg6 Re7 58. Rf8
Ke5 59. Rf1 Ke6 60. Re1+ Kd7 61. Rd1+ Ke8 62. Rf1 Ra7 63. Rf2 Re7 64. Rf1 Kd7
65. Rd1+ Kc6 66. Rd2 Kc5 67. Rd1 Kc6 68. Rd2 Rd7 69. Rc2+ Kd6 70. Re2 Re7 71.
Rd2+ Ke6 72. Rf2 Ke5 73. Re2+ Kd6 74. Rd2+ Kc5 75. Rd1 Kc4 76. Rd2 Kc3 77. Rf2
Kd3 78. Rf1 Ke2 79. Rf5 Ra7 80. Rf4 Ke3 81. Rf1 Ra4 82. Rf8 Rg4+ 83. Kh5 Rg5+
84. Kh4 Ke4 85. Rf1 Ke5 86. Rf2 Ke6 87. Rf1 Rf5 88. Re1+ Kf6 89. Rc1 Kg6 90.
Rc6+ Rf6 91. Rc5 Kh7 92. Rc7 Rf4+ 93. Kh5 Rf6 94. Rb7 Rf5+ 95. Kg4 Rg5+ 96. Kh4
Rd5 97. Rc7 Kg6 1/2-1/2

[Event "Titled Tue 24th Jun Late"]
[Site "chess.com INT"]
[Date "2025.06.24"]
[Round "6"]
[White "Przybylski, Wojciech"]
[Black "Alvarez, Leandro"]
[Result "0-1"]
[WhiteTitle "FM"]
[WhiteElo "2340"]
[BlackElo "2143"]
[WhiteFideId "1117599"]
[BlackFideId "132756"]
[EventDate "2025.06.24"]

1. e4 d6 2. d4 Nf6 3. Nc3 g6 4. Nf3 Bg7 5. Be2 O-O 6. O-O Nc6 7. h3 e5 8. Be3
exd4 9. Nxd4 Re8 10. f3 Nh5 11. Nxc6 bxc6 12. Qd2 Ng3 13. Rfe1 Be5 14. Bg5 f6
15. Bf4 g5 16. Bc4+ Kg7 17. Bxe5 fxe5 18. Ne2 Nh5 19. Rad1 Rb8 20. c3 Nf4 21.
Nxf4 gxf4 22. Kf1 Qh4 23. Qf2 Qxf2+ 24. Kxf2 Rxb2+ 25. Re2 Rxe2+ 26. Kxe2 Bb7
27. Rb1 Ba8 28. a4 a5 29. Rb2 Kf6 30. Kf2 Kg5 31. Bd3 Kh4 32. Bc4 Rd8 33. Bd3 h6
34. Bc4 Kg5 35. Bd3 Kf6 36. Bc4 Ke7 37. Bd3 d5 38. Ke2 Kd6 39. Bb1 Rg8 40. Kf2
dxe4 41. Bxe4 Rd8 42. Rd2+ Ke7 43. Rb2 c5 44. Bxa8 Rxa8 45. Ke2 Kd6 46. Rd2+ Kc6
47. Rb2 Ra6 48. Kd3 Kd5 49. Rd2 c4+ 50. Kc2+ Kc6 51. Rd8 Kc5 52. Re8 Kd5 53. Rg8
Rd6 54. Rg7 c6 55. h4 e4 56. fxe4+ Kxe4 57. h5 Kf5 58. Ra7 Kg4 59. Rxa5 Kg3 60.
Rf5 Re6 61. a5 Re2+ 62. Kb1 Rxg2 63. a6 Rg1+ 64. Kb2 Rg2+ 65. Ka3 Rg1 66. Kb4
Ra1 67. Ra5 Rb1+ 68. Kxc4 f3 69. a7 f2 70. Rf5 Ra1 71. Rf7 Rxa7 72. Rxa7 f1=Q+
73. Kb3 Qb1+ 74. Kc4 Qe4+ 75. Kb3 Qd5+ 76. Kc2 Qf5+ 77. Kb3 Qb5+ 78. Kc2 Qxh5
79. Rg7+ Kf4 80. Rc7 Qf5+ 81. Kb3 h5 82. c4 Qd3+ 83. Kb4 Qd6+ 84. Ka5 Qxc7+ 85.
Ka6 Qc8+ 86. Kb6 Qe6 87. c5 h4 88. Ka6 h3 89. Kb6 h2 90. Kc7 h1=Q 91. Kd8 Qhd5+
92. Kc7 Qdd7+ 93. Kb6 Qd8+ 94. Ka6 Qa8+ 95. Kb6 Qb8+ 96. Ka6 Qa2# 0-1

[Event "Titled Tue 24th Jun Late"]
[Site "chess.com INT"]
[Date "2025.06.24"]
[Round "6"]
[White "Klepek, Witold"]
[Black "Garde, Guillaume"]
[Result "1/2-1/2"]
[WhiteTitle "CM"]
[BlackTitle "CM"]
[WhiteElo "2253"]
[BlackElo "2211"]
[WhiteFideId "1175068"]
[BlackFideId "45138273"]
[EventDate "2025.06.24"]

1. c4 Nf6 2. Nf3 c5 3. g3 Nc6 4. Bg2 d5 5. cxd5 Nxd5 6. Nc3 Nxc3 7. bxc3 Bf5 8.
O-O e5 9. Qa4 Bd6 10. d4 exd4 11. cxd4 O-O 12. d5 Nb4 13. Nh4 Bc2 14. Qa3 Re8
15. Be3 b6 16. Rac1 Qd7 17. Qb2 Be5 18. Qa3 Rad8 19. Bd2 a5 20. Bxb4 axb4 21.
Qf3 Bg6 22. e4 Ra8 23. Qe2 Ra3 24. Kh1 Bd4 25. Rc2 b3 26. axb3 Rxb3 27. f4 Re3
28. Qa6 Bxe4 29. Qxb6 Bxg2+ 30. Nxg2 Qxd5 31. Qb5 R3e7 32. f5 h6 33. f6 Bxf6 34.
Qxc5 Qxc5 35. Rxc5 Re2 36. Rcf5 Ra2 37. R5f2 Rxf2 38. Rxf2 Ra8 39. Nf4 Ra1+ 40.
Kg2 Kh7 41. Re2 Ra6 42. h3 g6 43. Nd5 Bd4 44. Rd2 Be5 45. Re2 Re6 46. Rf2 Kg7
47. Nf4 Bxf4 48. Rxf4 Ra6 49. Rb4 Ra2+ 50. Kf3 g5 51. Rc4 Kg6 52. g4 Ra3+ 53.
Kg2 Kf6 54. Rc6+ Kg7 55. Rb6 Rc3 56. Ra6 Rc2+ 57. Kg3 Rc3+ 58. Kg2 Rc8 59. Rb6
Rh8 60. Rb5 Kg6 61. Rb6+ f6 62. Kg3 h5 63. Ra6 Rf8 64. Ra7 Rb8 65. Ra3 Rb4 66.
Rc3 Rf4 67. Rc2 h4+ 68. Kg2 Kf7 69. Ra2 Rd4 70. Rb2 Ke6 71. Rb6+ Rd6 72. Rb2 Ke5
73. Rf2 Ke4 74. Re2+ Kf4 75. Rf2+ Ke3 76. Rf3+ Ke4 77. Rf2 Ra6 78. Re2+ Kd3 79.
Rf2 Re6 80. Rf3+ Kd2 81. Rf5 Ke3 82. Rf3+ Ke4 83. Rf5 Kd4 84. Rf3 Kd5 85. Rf5+
Kd6 86. Rf3 Ke7 87. Rf5 Kf7 88. Ra5 Kg6 89. Rf5 Re4 90. Rf2 Rf4 91. Rxf4 gxf4
92. Kf3 Kg5 93. Ke4 f3 94. Kxf3 f5 95. gxf5 Kxf5 96. Ke3 Ke5 97. Kf3 Kf5 98. Ke3
Ke5 99. Kf3 Kf5 1/2-1/2

[Event "Titled Tue 24th Jun Late"]
[Site "chess.com INT"]
[Date "2025.06.24"]
[Round "7"]
[White "Unver, Cumayi"]
[Black "Ferriz Barrios, Andres"]
[Result "1-0"]
[BlackTitle "FM"]
[WhiteElo "2012"]
[BlackElo "2102"]
[WhiteFideId "6304940"]
[BlackFideId "5104467"]
[EventDate "2025.06.24"]

1. c3 e6 2. d4 f5 3. Nf3 Nf6 4. Bf4 b6 5. e3 Bb7 6. Nbd2 Be7 7. Bd3 O-O 8. Qc2
d5 9. Ne5 Nbd7 10. h3 Bd6 11. O-O-O a5 12. f3 Nh5 13. Bh2 a4 14. g4 fxg4 15.
Bxh7+ Kh8 16. hxg4 Nhf6 17. Bf4 a3 18. Ng6# 1-0

[Event "Titled Tue 24th Jun Late"]
[Site "chess.com INT"]
[Date "2025.06.24"]
[Round "7"]
[White "Papasimakopoulos, Alexandros"]
[Black "Zieba, Hubert"]
[Result "1-0"]
[WhiteTitle "IM"]
[BlackTitle "CM"]
[WhiteElo "2366"]
[BlackElo "2233"]
[WhiteFideId "4244125"]
[BlackFideId "21844704"]
[EventDate "2025.06.24"]

1. d4 d5 2. c4 dxc4 3. e3 Nf6 4. Bxc4 e6 5. Nf3 Be7 6. O-O O-O 7. Nc3 c5 8. a3
a6 9. dxc5 Qxd1 10. Rxd1 Bxc5 11. b4 Be7 12. Bb2 a5 13. b5 Nbd7 14. Na4 b6 15.
Bd4 Rb8 16. h3 Bb7 17. Ne5 Bd5 18. Bxd5 exd5 19. Nc6 Rbe8 20. Nxb6 Nxb6 21. Bxb6
Bd6 22. Bxa5 1-0

[Event "Titled Tue 24th Jun Late"]
[Site "chess.com INT"]
[Date "2025.06.24"]
[Round "7"]
[White "Thake, Conrad"]
[Black "Hariharan, Shambavi"]
[Result "0-1"]
[WhiteTitle "CM"]
[BlackTitle "WCM"]
[WhiteElo "1873"]
[BlackElo "1936"]
[WhiteFideId "5602947"]
[BlackFideId "488160"]
[EventDate "2025.06.24"]

1. e4 e5 2. Nf3 Nc6 3. Nc3 Nf6 4. g3 d6 5. Bg2 g6 6. d3 Bg7 7. O-O O-O 8. h3 h6
9. Be3 Be6 10. Qd2 Kh7 11. Nh4 Nh5 12. Kh2 Qe7 13. f4 exf4 14. Bxf4 g5 15. Qe2
Nxf4 16. gxf4 gxh4 17. f5 Be5+ 18. Kh1 Bd7 19. Nd5 Qg5 20. Nxc7 Qg3 21. Rf3 Qh2# 0-1

[Event "Titled Tue 24th Jun Late"]
[Site "chess.com INT"]
[Date "2025.06.24"]
[Round "7"]
[White "Williams, Justus"]
[Black "Makridis, Dimitrios"]
[Result "0-1"]
[WhiteTitle "IM"]
[BlackTitle "FM"]
[WhiteElo "2355"]
[BlackElo "2283"]
[WhiteFideId "2049929"]
[BlackFideId "25864475"]
[EventDate "2025.06.24"]

1. Nf3 Nf6 2. b3 e6 3. Bb2 c5 4. c4 Nc6 5. e3 g6 6. g3 Bg7 7. Bg2 O-O 8. O-O d5
9. cxd5 Nxd5 10. Bxg7 Kxg7 11. Qc1 Qf6 12. Na3 b6 13. d4 Ba6 14. Rd1 Rac8 15. e4
Nxd4 16. Rxd4 cxd4 17. Qd2 Nc3 18. e5 Qd8 19. h4 h5 20. Re1 d3 21. Nc4 Ne2+ 22.
Kh2 Bxc4 23. bxc4 Rxc4 24. Ng5 Rc2 25. Qe3 d2 26. Rd1 Nc3 0-1

[Event "Titled Tue 24th Jun Late"]
[Site "chess.com INT"]
[Date "2025.06.24"]
[Round "7"]
[White "Niemann, Hans Moke"]
[Black "Mitrabha, Guha"]
[Result "1-0"]
[WhiteTitle "GM"]
[BlackTitle "GM"]
[WhiteElo "2736"]
[BlackElo "2515"]
[WhiteFideId "2093596"]
[BlackFideId "5057000"]
[EventDate "2025.06.24"]

1. e4 c6 2. Nf3 d5 3. d3 Nd7 4. e5 Nb6 5. d4 Bf5 6. Be2 e6 7. O-O Ne7 8. c3 h6
9. a4 a6 10. a5 Nd7 11. b4 Qc7 12. Re1 f6 13. Bd3 Bxd3 14. Qxd3 f5 15. h4 g6 16.
Nbd2 Nc8 17. Nf1 Na7 18. h5 g5 19. g4 f4 20. Qg6+ Ke7 21. Nxg5 hxg5 22. Qxg5+
Ke8 23. Qg6+ Kd8 24. Bxf4 Nb5 25. Bg5+ 1-0

[Event "Titled Tue 24th Jun Late"]
[Site "chess.com INT"]
[Date "2025.06.24"]
[Round "7"]
[White "Xiong, Jeffery"]
[Black "Barseghyan, Armen Ar."]
[Result "1-0"]
[WhiteTitle "GM"]
[BlackTitle "IM"]
[WhiteElo "2639"]
[BlackElo "2348"]
[WhiteFideId "2047640"]
[BlackFideId "13306707"]
[EventDate "2025.06.24"]

1. e4 c5 2. Nf3 Nc6 3. Bb5 g6 4. c3 Bg7 5. d4 cxd4 6. cxd4 a6 7. Bxc6 dxc6 8. h3
Nf6 9. Nc3 O-O 10. O-O b5 11. Re1 Bb7 12. Bf4 Rc8 13. Be5 c5 14. d5 b4 15. Na4
c4 16. Qd4 c3 17. bxc3 bxc3 18. Nb6 Nh5 19. Bxg7 Nxg7 20. Nxc8 Qxc8 21. Rac1 c2
22. Re2 Qd8 23. Rexc2 a5 24. Qa7 1-0

[Event "Titled Tue 24th Jun Late"]
[Site "chess.com INT"]
[Date "2025.06.24"]
[Round "7"]
[White "Bucci, Andrea"]
[Black "Alvarado, Carlos"]
[Result "0-1"]
[BlackTitle "CM"]
[WhiteElo "1526"]
[BlackElo "2032"]
[WhiteFideId "28546890"]
[BlackFideId "3800555"]
[EventDate "2025.06.24"]

1. e4 c6 2. d4 d5 3. exd5 cxd5 4. Bd3 Nf6 5. h3 Nc6 6. Nf3 g6 7. c3 Bg7 8. O-O
O-O 9. Re1 Bf5 10. Bxf5 gxf5 11. Qd3 e6 12. Ne5 Ne4 13. Nxc6 bxc6 14. Nd2 Qb6
15. Re3 Bh6 16. Rf3 Kh8 17. Qe2 Bxd2 18. Bxd2 Qxb2 19. Rd1 Rg8 20. Re3 Qxa2 21.
f3 Nd6 22. Rxe6 fxe6 23. Qe5+ Rg7 24. Qxd6 Qc2 25. Ra1 Qxd2 26. Qxc6 Qxg2# 0-1

[Event "Titled Tue 24th Jun Late"]
[Site "chess.com INT"]
[Date "2025.06.24"]
[Round "7"]
[White "Ferraz, Michel Liah"]
[Black "Zilberstein, Dmitry"]
[Result "0-1"]
[BlackTitle "IM"]
[WhiteElo "2007"]
[BlackElo "2358"]
[WhiteFideId "22743219"]
[BlackFideId "2010739"]
[EventDate "2025.06.24"]

1. d4 Nf6 2. c4 e6 3. Nc3 Bb4 4. Qc2 Nc6 5. Nf3 d6 6. e4 Bxc3+ 7. bxc3 e5 8. Be2
O-O 9. O-O Re8 10. Bg5 h6 11. Bxf6 Qxf6 12. h3 exd4 13. cxd4 Nxd4 14. Nxd4 Qxd4
15. Bd3 Bd7 16. Rad1 Bc6 17. Rfe1 Qc5 18. Kh2 Re7 19. f4 Rae8 20. Rd2 f5 21. e5
dxe5 22. Bxf5 exf4 23. Rde2 Rxe2 24. Rxe2 Rxe2 25. Bh7+ Kh8 26. Qxe2 Kxh7 27.
Qd3+ 0-1

[Event "Titled Tue 24th Jun Late"]
[Site "chess.com INT"]
[Date "2025.06.24"]
[Round "7"]
[White "Gerbelli Neto, Eduardo"]
[Black "Kodihalli, Kaustubh"]
[Result "0-1"]
[WhiteElo "2114"]
[BlackElo "2038"]
[WhiteFideId "2103281"]
[BlackFideId "30956455"]
[EventDate "2025.06.24"]

1. e4 c5 2. Nc3 d6 3. f4 Nc6 4. Nf3 g6 5. Bc4 Bg7 6. O-O Nf6 7. d3 O-O 8. Qe1 e6
9. Bb3 d5 10. f5 exf5 11. Nxd5 Be6 12. Bg5 Bxd5 13. Bxd5 Ne7 14. Qh4 Nexd5 15.
exd5 h6 16. Bxh6 Qxd5 17. Bg5 Nh7 18. Be7 Rfe8 19. Rae1 Bxb2 20. Kh1 Bg7 21. a4
b6 22. Re2 Rac8 23. Rfe1 Qd7 24. Ng5 Nxg5 25. Bxg5 Rxe2 26. Rxe2 Re8 27. Qe1
Rxe2 28. Qxe2 Qxa4 29. h4 Qa1+ 30. Kh2 Qe5+ 0-1

[Event "Titled Tue 24th Jun Late"]
[Site "chess.com INT"]
[Date "2025.06.24"]
[Round "7"]
[White "Arakelyan, Manvel"]
[Black "Brancaleoni, Maurizio"]
[Result "1-0"]
[WhiteTitle "FM"]
[BlackTitle "FM"]
[WhiteElo "2326"]
[BlackElo "2185"]
[WhiteFideId "13317415"]
[BlackFideId "803022"]
[EventDate "2025.06.24"]

1. e4 c6 2. d4 d5 3. Nd2 dxe4 4. Nxe4 Nf6 5. Nxf6+ exf6 6. c3 Bd6 7. Bd3 O-O 8.
Qc2 Re8+ 9. Ne2 h6 10. O-O Nd7 11. Bd2 Nf8 12. Rae1 h5 13. Ng3 g6 14. c4 Ne6 15.
Bxg6 fxg6 16. Qxg6+ Ng7 17. Nxh5 Re7 18. Rxe7 Qxe7 19. Re1 Qf7 20. Re8+ Bf8 21.
Nxf6+ Qxf6 22. Qxf6 1-0

[Event "Titled Tue 24th Jun Late"]
[Site "chess.com INT"]
[Date "2025.06.24"]
[Round "7"]
[White "Lugo, Blas"]
[Black "Bustelo, Tabare"]
[Result "0-1"]
[WhiteTitle "IM"]
[BlackTitle "CM"]
[WhiteElo "2399"]
[BlackElo "2043"]
[WhiteFideId "2011263"]
[BlackFideId "3000362"]
[EventDate "2025.06.24"]

1. e4 e5 2. Nf3 f5 3. d4 fxe4 4. Nxe5 Nf6 5. Bg5 d6 6. Nc4 d5 7. Ne5 Bd6 8. Nc3
c6 9. f3 exf3 10. Qxf3 O-O 11. Bd3 Nbd7 12. Nxd7 Bxd7 13. O-O Qc7 14. h3 Ne4 15.
Nxe4 Rxf3 16. Rxf3 dxe4 17. Bxe4 Rf8 18. Raf1 Rxf3 19. Rxf3 h6 20. Bd2 Be6 21.
b3 Bd5 22. Bxd5+ cxd5 23. c4 dxc4 24. bxc4 Qxc4 25. Be3 Qxa2 26. Bf2 Qd5 0-1

[Event "Titled Tue 24th Jun Late"]
[Site "chess.com INT"]
[Date "2025.06.24"]
[Round "7"]
[White "Matinian, Nikita"]
[Black "Raptis, Nick"]
[Result "1-0"]
[WhiteTitle "GM"]
[BlackTitle "FM"]
[WhiteElo "2421"]
[BlackElo "2220"]
[WhiteFideId "24129100"]
[BlackFideId "2016850"]
[EventDate "2025.06.24"]

1. e4 e6 2. d4 d5 3. Nc3 Nf6 4. e5 Nfd7 5. f4 c5 6. Nf3 Nc6 7. Be3 a6 8. Qd2 b5
9. a3 Qa5 10. Bd3 b4 11. Nd1 bxa3 12. Qxa5 Nxa5 13. Rxa3 Nc4 14. Bxc4 dxc4 15.
dxc5 Bxc5 16. Bxc5 Nxc5 17. Rc3 Bb7 18. Rxc4 Nd7 19. Ne3 Ke7 20. Nd4 Rhc8 21.
Rxc8 Rxc8 22. b4 Nb6 23. Kd2 f6 24. exf6+ gxf6 25. Re1 Nc4+ 26. Nxc4 Rxc4 27. c3
Bxg2 28. Rxe6+ Kf7 29. Rxa6 1-0

[Event "Titled Tue 24th Jun Late"]
[Site "chess.com INT"]
[Date "2025.06.24"]
[Round "7"]
[White "Jagodzinski, Piotr"]
[Black "Bold, Andre"]
[Result "1-0"]
[WhiteTitle "CM"]
[BlackTitle "CM"]
[WhiteElo "2239"]
[BlackElo "2235"]
[WhiteFideId "1136593"]
[BlackFideId "16208471"]
[EventDate "2025.06.24"]

1. Nf3 c5 2. b3 Nc6 3. Bb2 d5 4. e3 a6 5. Be2 f6 6. d4 e6 7. O-O Bd6 8. Nbd2
Nge7 9. c4 O-O 10. cxd5 Nxd5 11. Ne4 cxd4 12. Nxd6 Qxd6 13. Nxd4 Nxd4 14. Qxd4
Qb4 15. Bc4 Bd7 16. Rfd1 Qe7 17. e4 b5 18. Bf1 Bc6 19. exd5 Bxd5 20. Rac1 Rad8
21. Qb6 Rd6 22. Qe3 Qb7 23. Ba3 b4 24. Bb2 Rfd8 25. Qg3 Kh8 26. Bc4 Bxc4 27.
Rxd6 1-0

[Event "Titled Tue 24th Jun Late"]
[Site "chess.com INT"]
[Date "2025.06.24"]
[Round "7"]
[White "Kobalia, Mikhail"]
[Black "Craciun, Sasha-Matei"]
[Result "1-0"]
[WhiteTitle "GM"]
[BlackTitle "FM"]
[WhiteElo "2538"]
[BlackElo "2320"]
[WhiteFideId "4119150"]
[BlackFideId "1281186"]
[EventDate "2025.06.24"]

1. c4 e5 2. e3 Nf6 3. Nc3 d5 4. cxd5 Nxd5 5. Nf3 Nc6 6. Bb5 Nxc3 7. bxc3 Bd6 8.
d4 Bd7 9. O-O O-O 10. Rb1 Rb8 11. Re1 e4 12. Nd2 f5 13. g3 Ne7 14. a4 a6 15.
Bxd7 Qxd7 16. Qb3+ Kh8 17. Ba3 Bxa3 18. Qxa3 a5 19. Rb5 b6 20. Reb1 Nd5 21. Nc4
h6 22. Ne5 Qe6 23. Qa2 Rfd8 24. Qc4 Kh7 25. Nc6 1-0

[Event "Titled Tue 24th Jun Late"]
[Site "chess.com INT"]
[Date "2025.06.24"]
[Round "7"]
[White "Asish Panda"]
[Black "Gallo Garcia, Kemel Antonio"]
[Result "1-0"]
[BlackTitle "FM"]
[WhiteElo "1911"]
[BlackElo "2362"]
[WhiteFideId "45012458"]
[BlackFideId "3523896"]
[EventDate "2025.06.24"]

1. e4 e5 2. Nf3 Nc6 3. Bc4 Nf6 4. d3 Be7 5. c3 O-O 6. Nbd2 d5 7. exd5 Nxd5 8.
O-O Nb6 9. Bb5 f6 10. h3 Bf5 11. d4 exd4 12. Bxc6 bxc6 13. Nxd4 Bd7 14. Re1 Bd6
15. Ne4 Be5 16. Nf3 Re8 17. Nxe5 Rxe5 18. Bf4 Re7 19. Nc5 Nd5 20. Bg3 Bf5 21. c4
Nb6 22. Qxd8+ 1-0

[Event "Titled Tue 24th Jun Late"]
[Site "chess.com INT"]
[Date "2025.06.24"]
[Round "7"]
[White "Carlsen, Magnus"]
[Black "Injac, Teodora"]
[Result "1-0"]
[WhiteTitle "GM"]
[BlackTitle "IM"]
[WhiteElo "2837"]
[BlackElo "2457"]
[WhiteFideId "1503014"]
[BlackFideId "932400"]
[EventDate "2025.06.24"]

1. d4 Nf6 2. c4 g6 3. Nc3 Bg7 4. e4 d6 5. f3 O-O 6. Bg5 c5 7. d5 e6 8. Qd2 h6 9.
Be3 exd5 10. cxd5 Nbd7 11. Nh3 a6 12. Nf2 Kh7 13. a4 Ne5 14. Be2 Bd7 15. O-O Rb8
16. h3 b5 17. axb5 axb5 18. f4 Nc4 19. Bxc4 bxc4 20. e5 Nh5 21. Nfe4 dxe5 22.
fxe5 Bxe5 23. Bxc5 Rg8 24. Rxf7+ Rg7 25. Rxg7+ Nxg7 26. Bd4 Qe8 27. Ra7 Bf5 28.
Nf6+ Bxf6 29. Bxf6 1-0

[Event "Titled Tue 24th Jun Late"]
[Site "chess.com INT"]
[Date "2025.06.24"]
[Round "7"]
[White "Bonin, Jay"]
[Black "Roberson, Peter T"]
[Result "0-1"]
[WhiteTitle "IM"]
[BlackTitle "IM"]
[WhiteElo "2102"]
[BlackElo "2433"]
[WhiteFideId "2000644"]
[BlackFideId "412384"]
[EventDate "2025.06.24"]

1. d4 d5 2. c3 h5 3. Nf3 h4 4. h3 Nc6 5. Bg5 f6 6. Bxh4 g5 7. Bg3 g4 8. Nh4 e5
9. Ng6 Rh6 10. Nxf8 Kxf8 11. e3 gxh3 12. gxh3 Bf5 13. Nd2 Qd7 14. Qf3 exd4 15.
exd4 Re8+ 16. Be2 Bg6 17. Qf4 Bd3 18. O-O-O Rxe2 19. Qxc7 Qxc7 20. Bxc7 Rxf2 21.
Bd6+ Kf7 22. h4 Nge7 23. Rh3 Bf5 24. Rhh1 Rh5 0-1

[Event "Titled Tue 24th Jun Late"]
[Site "chess.com INT"]
[Date "2025.06.24"]
[Round "7"]
[White "Karas, Marek"]
[Black "Moroni, Luca Jr"]
[Result "0-1"]
[WhiteTitle "FM"]
[BlackTitle "GM"]
[WhiteElo "2215"]
[BlackElo "2549"]
[WhiteFideId "14928558"]
[BlackFideId "865834"]
[EventDate "2025.06.24"]

1. d4 g6 2. e4 Bg7 3. Nf3 d6 4. Bc4 Nf6 5. Qe2 O-O 6. O-O Bg4 7. h3 Bxf3 8. Qxf3
Nc6 9. c3 e5 10. Rd1 Nh5 11. d5 Ne7 12. g4 Nf4 13. Bxf4 exf4 14. Qxf4 f5 15.
exf5 gxf5 16. Nd2 Ng6 17. Qe3 fxg4 18. Qe6+ Kh8 19. Qxg4 Rf4 20. Qg3 Be5 21. Bf1
Qf6 22. f3 Rg8 23. Kh1 Rh4 24. Qf2 Nf4 25. Ne4 Qh6 0-1

[Event "Titled Tue 24th Jun Late"]
[Site "chess.com INT"]
[Date "2025.06.24"]
[Round "7"]
[White "Rojas Alarcon, Julian Antonio"]
[Black "Da Silva Borges, Rodrigo"]
[Result "1-0"]
[WhiteTitle "FM"]
[WhiteElo "2365"]
[BlackElo "2169"]
[WhiteFideId "5107407"]
[BlackFideId "2115778"]
[EventDate "2025.06.24"]

1. e4 c6 2. d4 d5 3. e5 Bf5 4. Nf3 e6 5. Be2 Nd7 6. a4 h6 7. Nbd2 a6 8. a5 Ne7
9. Nb3 g5 10. h3 Ng6 11. Be3 Rc8 12. c3 Be4 13. Nbd2 Bxf3 14. Bxf3 c5 15. Bh5
cxd4 16. cxd4 Bb4 17. Bxg6 fxg6 18. Qb3 Qe7 19. O-O Bxd2 20. Bxd2 Nb8 21. Bb4
Qd7 22. Bc5 Nc6 23. Qe3 Kf7 24. f4 g4 25. hxg4 Kg7 26. f5 gxf5 27. gxf5 Rhg8 28.
fxe6 1-0

[Event "Titled Tue 24th Jun Late"]
[Site "chess.com INT"]
[Date "2025.06.24"]
[Round "7"]
[White "Sheehan, Ethan"]
[Black "Hua, Lefong"]
[Result "0-1"]
[BlackTitle "FM"]
[WhiteElo "2364"]
[BlackElo "2305"]
[WhiteFideId "30943965"]
[BlackFideId "2602253"]
[EventDate "2025.06.24"]

1. d4 Nf6 2. Nf3 g6 3. c4 Bg7 4. Nc3 O-O 5. e4 d6 6. Be2 Bg4 7. O-O Nfd7 8. Be3
c5 9. Rc1 Bxf3 10. Bxf3 cxd4 11. Bxd4 Bxd4 12. Qxd4 Nc6 13. Qd2 Nc5 14. Rfd1 Ne6
15. Nd5 Ned4 16. Be2 e6 17. Nc3 e5 18. Bf1 Ne7 19. f4 Rc8 20. Kh1 Kg7 21. Qf2
Nec6 22. Nd5 b6 23. f5 f6 24. g3 g5 25. Be2 Ne7 26. Nc3 Nec6 27. b3 Qd7 28. Nb5
a6 29. Nxd4 Nxd4 30. Bf1 b5 31. Qd2 Qb7 32. Qe3 Nxf5 33. Qd3 Nd4 34. Bg2 bxc4
35. Rxc4 Rxc4 36. Qxc4 Rc8 37. Qd3 Qc6 38. Rf1 Qb5 39. Qd1 Rc2 40. h4 Qe2 41.
Qxe2 Nxe2 42. hxg5 0-1

[Event "Titled Tue 24th Jun Late"]
[Site "chess.com INT"]
[Date "2025.06.24"]
[Round "7"]
[White "Fadi, Marko"]
[Black "Terkiewicz, Bruno"]
[Result "1-0"]
[WhiteTitle "FM"]
[BlackTitle "CM"]
[WhiteElo "2298"]
[BlackElo "2183"]
[WhiteFideId "10605371"]
[BlackFideId "21093245"]
[EventDate "2025.06.24"]

1. c4 e5 2. Nc3 d6 3. g3 f5 4. Bg2 Be7 5. e3 c6 6. Nge2 Nf6 7. d4 O-O 8. O-O Qe8
9. b4 a5 10. b5 Qf7 11. bxc6 bxc6 12. c5 e4 13. cxd6 Bxd6 14. f3 exf3 15. Bxf3
Re8 16. d5 c5 17. Nb5 Be5 18. Rb1 Bb7 19. Nf4 Bxf4 20. exf4 Bxd5 21. Nd6 Qe6 22.
Nxe8 Bxf3 23. Qxf3 1-0

[Event "Titled Tue 24th Jun Late"]
[Site "chess.com INT"]
[Date "2025.06.24"]
[Round "7"]
[White "Suarez, Sebastian"]
[Black "Vazelakis, Dimitrios"]
[Result "1-0"]
[WhiteElo "2161"]
[BlackElo "1857"]
[WhiteFideId "30979080"]
[BlackFideId "4203674"]
[EventDate "2025.06.24"]

1. g3 f5 2. Bg2 Nf6 3. d3 Nc6 4. Nf3 e5 5. O-O Be7 6. Re1 O-O 7. e4 d6 8. Nc3
Qe8 9. Nd5 Bd8 10. c4 Qh5 11. Bd2 f4 12. gxf4 Bh3 13. Ng5 Qxd1 14. Raxd1 Bxg2
15. Kxg2 Re8 16. f5 Nd4 17. Nf3 c6 18. Nxf6+ Bxf6 19. Nxd4 exd4 20. f4 b5 21.
cxb5 cxb5 22. Rc1 Rec8 23. Kf3 Kf7 24. Bb4 Bh4 25. Rg1 Be7 26. e5 dxe5 27. Bxe7
Rxc1 28. Rxc1 Kxe7 29. fxe5 g6 30. fxg6 hxg6 31. Ke4 Ke6 32. Rc6+ Kd7 33. Rxg6
Rh8 34. Kxd4 Rxh2 35. Kd5 Rxb2 36. Rg7+ Kd8 37. Kd6 Kc8 38. e6 Rd2 39. Rg8+ Kb7
40. e7 Rxd3+ 41. Kc5 Rc3+ 42. Kb4 1-0